[Event "Moscow Alekhine op"]
[Site "Moscow"]
[Date "1996.??.??"]
[Round "5"]
[White "Saruhanjan, Moris"]
[Black "Deviatkin, Andrei"]
[Result "1/2-1/2"]
[WhiteElo "2305"]
[BlackElo "2160"]
[PlyCount "98"]
[EventDate "1996.??.??"]
[EventType "swiss"]
[EventRounds "9"]
[EventCountry "RUS"]
[SourceTitle "EXT 1999"]
[Source "ChessBase"]
[SourceDate "1998.11.16"]
[SourceVersion "1"]
[SourceVersionDate "1998.11.16"]
[SourceQuality "1"]

1. d4 d5 2. c4 e6 3. Nc3 Nf6 4. Bg5 Be7 5. e3 Nbd7 6. Nf3 0-0 7. Qc2 h6 8. Bh4 c5 9. dxc5 Nxc5 10. Rd1 Qa5 11. Nd2 Rd8 12. a3 dxc4 13. Bxc4 Qb6 14. 0-0 Bd7 15. b4 Na6 16. Nde4 g5 17. Bg3 Rac8 18. Bxa6 bxa6 19. Be5 Nxe4 20. Qxe4 Qc6 21. Qb1 Be8 22. Rxd8 Bxd8 23. Rd1 Be7 24. Bd4 a5 25. bxa5 a6 26. h4 Qc7 27. Ne4 Qc2 28. Qxc2 Rxc2 29. hxg5 hxg5 30. Bf6 Kf8 31. Bxg5 Bxg5 32. Nxg5 Rc5 33. Ne4 Rxa5 34. Rd3 Ke7 35. f4 Bc6 36. Nd2 Ra4 37. Kf2 Bd5 38. g4 Bc6 39. Rc3 Bd5 40. Ke2 e5 41. fxe5 Rxg4 42. Rc5 Be6 43. Ra5 Bc8 44. Kd3 Bd7 45. e4 Rg6 46. Kd4 Rb6 47. Nc4 Rc6 48. Kd5 Kd8 49. Ne3 Kc7 1/2-1/2

[Event "Moscow-ch"]
[Site "Moscow"]
[Date "1994.??.??"]
[Round "?"]
[White "Vesselovsky, Serguei"]
[Black "Saruhanjan, Moris"]
[Result "1/2-1/2"]
[WhiteElo "2435"]
[BlackElo "2325"]
[PlyCount "49"]
[EventDate "1994.??.??"]
[EventType "swiss"]
[EventRounds "9"]
[EventCountry "RUS"]
[SourceTitle "CBM 043 Extra"]
[Source "ChessBase"]
[SourceDate "1995.01.01"]
[SourceVersion "1"]
[SourceVersionDate "1995.01.01"]
[SourceQuality "1"]

1. e4 e6 2. d4 d5 3. Nc3 Bb4 4. e5 c5 5. Bd2 Ne7 6. Nce2 Bxd2+ 7. Qxd2 Nbc6 8. f4 Qb6 9. 0-0-0 Bd7 10. Nf3 Nf5 11. Kb1 cxd4 12. Nexd4 Nfxd4 13. Nxd4 Nxd4 14. Qxd4 Qxd4 15. Rxd4 Ke7 16. Be2 Rac8 17. Rhd1 Rhd8 18. c3 a6 19. Kc2 Rc5 20. Rb4 Bb5 21. Bxb5 Rxb5 22. Rxb5 axb5 23. Rd4 Ra8 24. Rb4 Kd7 25. a3 1/2-1/2